| 000 | 00744nam a2200229 i 4500 | ||
|---|---|---|---|
| 001 | 187747 | ||
| 003 | ES-MaACL | ||
| 005 | 20251003063201.0 | ||
| 008 | 180206s1975 sp |||| | spa d | ||
| 020 | _a84-217-4141-1 | ||
| 080 | _a821.111(73)-31"19" | ||
| 100 | 1 |
_aHunter, Evan, _d1926-2005 _9164215 |
|
| 245 | 1 | 0 |
_aFeliz año nuevo, Herbie / _cEvan Hunter ; [traducción, López Galarza]. |
| 250 | _a1ª ed. | ||
| 260 |
_aBarcelona : _bLuis de Caralt, _c1975. |
||
| 300 |
_a264 p. ; _c20 cm. |
||
| 490 | 1 |
_aBiblioteca universal Caralt. Novela ; _v39 |
|
| 700 | 1 |
_aLópez Galarza, Manuel. _973649 |
|
| 830 | 1 |
_aBiblioteca universal Caralt. Novela ; _v39 _9223732 |
|
| 852 | 4 |
_aES-MaACL _jA-7700 |
|
| 999 |
_c187747 _d187747 |
||